[Event "Lancaran op-A"]
[Site "Lancaran"]
[Date "2025.07.11"]
[Round "7"]
[White "Bayramov, Elvin Shamil Oglu"]
[Black "Atakishiyev, Elmar"]
[Result "1-0"]
[WhiteElo "2179"]
[BlackElo "2388"]
[PlyCount "81"]
[EventDate "2025.07.07"]
[EventType "swiss"]
[EventRounds "9"]
[EventCountry "AZE"]
[SourceTitle "CB29_2025"]
[SourceDate "2025.07.16"]
[SourceVersion "1"]
[SourceVersionDate "2025.07.16"]
[SourceQuality "1"]

1. e4 c5 2. c3 d5 3. exd5 Qxd5 4. d4 g6 5. dxc5 Qxc5 6. Be3 Qc7 7. Bxa7 Nc6 8. Be3 Bg7 9. Nf3 Nf6 10. Be2 0-0 11. 0-0 Rd8 12. Qc1 Be6 13. Na3 Nd5 14. Nb5 Qa5 15. a4 Nxe3 16. Qxe3 Rac8 17. Ng5 Bh6 18. f4 Bxg5 19. fxg5 Rd5 20. b4 Qa8 21. Bf3 Re5 22. Qf4 Rf5 23. Qg3 Qa6 24. Rfe1 Rxb5 25. axb5 Qxb5 26. Bg4 Nd8 27. Rad1 Qc6 28. Bxe6 Nxe6 29. h4 b5 30. Rd3 Ra8 31. Qf3 Qb6+ 32. Qf2 Qc6 33. Rf1 Rf8 34. Rf3 Nd8 35. Qc5 Qb7 36. Kh1 Ne6 37. Qf2 Nd8 38. h5 Qd5 39. hxg6 hxg6 40. Qh4 Qe5 41. Re1 1-0

[Event "Lancaran op-A"]
[Site "Lancaran"]
[Date "2025.07.10"]
[Round "5"]
[White "Rzayev, Askar Aliakbar"]
[Black "Bayramov, Elvin Shamil Oglu"]
[Result "1/2-1/2"]
[WhiteElo "2079"]
[BlackElo "2179"]
[PlyCount "132"]
[EventDate "2025.07.07"]
[EventType "swiss"]
[EventRounds "9"]
[EventCountry "AZE"]
[SourceTitle "CB29_2025"]
[SourceDate "2025.07.16"]
[SourceVersion "1"]
[SourceVersionDate "2025.07.16"]
[SourceQuality "1"]

1. d4 Nf6 2. Nc3 d5 3. Bf4 Bf5 4. e3 e6 5. f3 Nh5 6. Bd3 Nxf4 7. exf4 Bg6 8. h4 c5 9. Bb5+ Nc6 10. h5 Bf5 11. g4 Bxc2 12. Qxc2 cxd4 13. Bxc6+ bxc6 14. Nce2 Qa5+ 15. Kf2 Qb6 16. Kg3 Bd6 17. Nxd4 Bxf4+ 18. Kxf4 Qxd4+ 19. Kg3 0-0 20. h6 Rab8 21. Qc3 Qxc3 22. bxc3 Rb2 23. hxg7 Kxg7 24. Nh3 Rfb8 25. c4 d4 26. Ng5 h6 27. Ne4 Rc2 28. c5 Rbb2 29. Kf4 f6 30. a4 Kg6 31. Rhg1 Rg2 32. Rxg2 Rxg2 33. Nd6 e5+ 34. Ke4 Re2+ 35. Kd3 Rf2 36. Nc8 Rxf3+ 37. Kc4 Rc3+ 38. Kb4 a6 39. Ne7+ Kf7 40. Nxc6 Ke6 41. Na5 e4 42. c6 e3 43. Rd1 Kd5 44. Nb3 a5+ 45. Ka3 Ke5 46. Kb2 Rxc6 47. Nxd4 Rc4 48. Nc2 Rxg4 49. Nxe3 Rxa4 50. Rh1 Re4 51. Rh5+ Ke6 52. Nc2 f5 53. Rxh6+ Ke5 54. Ra6 a4 55. Kc3 Rh4 56. Nb4 Kf4 57. Rxa4 Kg3 58. Ra8 f4 59. Nd3 f3 60. Rf8 Re4 61. Rg8+ Rg4 62. Rf8 Re4 63. Rf7 Ra4 64. Kd2 Ra2+ 65. Ke3 Re2+ 66. Kd4 f2 1/2-1/2

[Event "Baku op-B"]
[Site "Baku"]
[Date "2025.05.06"]
[Round "9"]
[White "Hasanov, Rashad"]
[Black "Bayramov, Elvin Shamil Oglu"]
[Result "0-1"]
[WhiteElo "2101"]
[BlackElo "2128"]
[PlyCount "96"]
[EventDate "2025.04.28"]
[EventType "swiss"]
[EventRounds "9"]
[EventCountry "AZE"]
[SourceTitle "CB20_2025"]
[SourceDate "2025.05.14"]
[SourceVersion "1"]
[SourceVersionDate "2025.05.14"]
[SourceQuality "1"]

1. e4 e5 2. Nf3 Nc6 3. Bb5 d6 4. d4 exd4 5. Nxd4 Bd7 6. Nc3 Nf6 7. Bxc6 bxc6 8. Qf3 c5 9. Nf5 Bxf5 10. exf5 d5 11. g4 Qe7+ 12. Be3 c6 13. 0-0-0 0-0-0 14. g5 Ne8 15. Kb1 Qd7 16. b3 Bd6 17. Na4 d4 18. Bf4 Nc7 19. Bg3 h5 20. h4 Bxg3 21. fxg3 Qd5 22. Qf4 Rhe8 23. Rhf1 Na6 24. Qd2 Kb7 25. f6 g6 26. Nb2 Re6 27. Rfe1 Rde8 28. Rxe6 Rxe6 29. Re1 Nc7 30. Na4 Qd6 31. Rxe6 Nxe6 32. Qd3 Qe5 33. Qc4 Qe1+ 34. Kb2 Qe5 35. Kb1 Kb8 36. a3 Qd5 37. Nb2 Qd6 38. Nd3 Kb7 39. Nf4 Nd8 40. Nd3 Ne6 41. Kc1 Kb8 42. Kb1 Kc7 43. Nb2 Kb7 44. Na4 Kb8 45. Kb2 Qxg3 46. Nxc5 Qc3+ 47. Qxc3 dxc3+ 48. Kxc3 Nxc5 0-1

[Event "Baku op-B"]
[Site "Baku"]
[Date "2025.05.05"]
[Round "8"]
[White "Bayramov, Elvin Shamil Oglu"]
[Black "Baghirov, Mahammad"]
[Result "1-0"]
[WhiteElo "2128"]
[BlackElo "1995"]
[PlyCount "99"]
[EventDate "2025.04.28"]
[EventType "swiss"]
[EventRounds "9"]
[EventCountry "AZE"]
[SourceTitle "CB20_2025"]
[SourceDate "2025.05.14"]
[SourceVersion "1"]
[SourceVersionDate "2025.05.14"]
[SourceQuality "1"]

1. e4 c6 2. d4 d5 3. Nc3 dxe4 4. Nxe4 Bf5 5. Ng3 Bg6 6. h4 h6 7. h5 Bh7 8. Nf3 Nd7 9. Bd3 Bxd3 10. Qxd3 Qc7 11. Rh4 Ngf6 12. Bf4 Qb6 13. 0-0-0 e6 14. Ne4 Nxe4 15. Qxe4 Be7 16. Rh3 0-0-0 17. Rg3 Nf6 18. Qe3 Nxh5 19. Rh3 Nxf4 20. Qxf4 Bf6 21. Rd3 Rd5 22. Rh1 Rhd8 23. Rhd1 Qc7 24. Qe4 Kb8 25. c4 Rf5 26. g3 Ra5 27. Kb1 Qb6 28. Ne5 Qc7 29. f4 Ra6 30. a3 Rb6 31. Ka2 a5 32. b3 Ra6 33. Ng4 Be7 34. Ne5 Bf8 35. c5 g6 36. Nc4 Bg7 37. a4 h5 38. Qe1 h4 39. gxh4 Qxf4 40. Nxa5 Rxd4 41. Rxd4 Bxd4 42. Qb4 Qc7 43. Nxb7 e5 44. Nd6+ Ka7 45. Rf1 f5 46. h5 Qh7 47. Ka3 f4 48. hxg6 Qg7 49. Rh1 Rb6 50. Qxb6+ 1-0

[Event "Baku op-B"]
[Site "Baku"]
[Date "2025.05.03"]
[Round "6"]
[White "Bayramov, Elvin Shamil Oglu"]
[Black "Xie, Jiaxiang"]
[Result "1-0"]
[WhiteElo "2128"]
[BlackElo "2102"]
[PlyCount "117"]
[EventDate "2025.04.28"]
[EventType "swiss"]
[EventRounds "9"]
[EventCountry "AZE"]
[SourceTitle "CB20_2025"]
[SourceDate "2025.05.14"]
[SourceVersion "1"]
[SourceVersionDate "2025.05.14"]
[SourceQuality "1"]

1. Nf3 d5 2. c4 e6 3. g3 Nf6 4. Bg2 Be7 5. 0-0 0-0 6. d4 Ne4 7. Nfd2 f5 8. Nxe4 fxe4 9. Nc3 c6 10. Qb3 Kh8 11. Bf4 Nd7 12. Rad1 Nb6 13. Qc2 Bd7 14. c5 Nc8 15. f3 exf3 16. Rxf3 Be8 17. Rdf1 Bg6 18. Qd2 Bf5 19. Be5 Bg5 20. Qe1 Rg8 21. e4 dxe4 22. Nxe4 Bf6 23. Qe3 Bxe5 24. dxe5 Bxe4 25. Qxe4 Ne7 26. Rf7 Nd5 27. Qh4 Ne3 28. Qxd8 Raxd8 29. R1f3 Rd1+ 30. Bf1 Nc4 31. Rxb7 Nxe5 32. Re3 Nd7 33. Kg2 Nxc5 34. Rxa7 Rf8 35. Bc4 Rd4 36. Rf3 Rd2+ 37. Kh3 Rg8 38. Re3 g5 39. Re2 Rd4 40. b3 Rf8 41. Ra5 Ne4 42. Re5 Nd2 43. Bxe6 Nf3 44. Rf2 Rf6 45. Re3 g4+ 46. Kg2 Rd1 47. Bxg4 Rg1+ 48. Kh3 Ng5+ 49. Kh4 Rxf2 50. Kxg5 Rxh2 51. Kf6 Rh6+ 52. Kf7 Rf1+ 53. Bf3 Rxf3+ 54. Rxf3 Rh2 55. a4 Re2 56. Rc3 Rf2+ 57. Ke6 Kg7 58. Kd6 Rf6+ 59. Kc7 1-0

[Event "TUR-chT 2nd League"]
[Site "Denizli"]
[Date "2024.07.15"]
[Round "1.2"]
[White "Mosadeghpour, Masoud"]
[Black "Bayramov, Elvin Shamil Oglu"]
[Result "1-0"]
[WhiteElo "2441"]
[BlackElo "2155"]
[PlyCount "99"]
[EventDate "2024.07.15"]
[EventType "team-swiss"]
[EventRounds "9"]
[EventCountry "TUR"]
[SourceTitle "EXT 2025"]
[Source "ChessBase"]
[SourceDate "2024.10.14"]
[SourceVersion "1"]
[SourceVersionDate "2024.10.14"]
[SourceQuality "1"]
[WhiteTeam "Moda"]
[BlackTeam "Altinkale Kultur"]
[WhiteTeamCountry "TUR"]
[BlackTeamCountry "TUR"]

1. Nf3 d5 2. g3 Nf6 3. Bg2 g6 4. 0-0 Bg7 5. d4 0-0 6. Nbd2 c5 7. dxc5 Qc7 8. b4 e5 9. Bb2 e4 10. Nd4 e3 11. fxe3 Ng4 12. Nb5 Qe7 13. Bxg7 Kxg7 14. e4 Ne3 15. Qc1 Nxf1 16. Qb2+ d4 17. Nxd4 Kg8 18. Rxf1 Nc6 19. Nxc6 bxc6 20. e5 Bf5 21. Bxc6 Rad8 22. c4 Qg5 23. Rf4 Be6 24. Ne4 Rd1+ 25. Kf2 Qe7 26. Nc3 Rdd8 27. Nd5 Qg5 28. h4 Qh6 29. Qd2 Kh8 30. Qe3 Qg7 31. Rf6 Rb8 32. b5 Rfc8 33. Qa3 h5 34. Qe3 Qf8 35. Nf4 Qg7 36. Bd5 Rf8 37. c6 Rbe8 38. c7 Bc8 39. Qc5 Kh7 40. Qd6 Bg4 41. Be4 Kg8 42. Bxg6 Kh8 43. Bxh5 Be6 44. Bf3 Rg8 45. Nh5 Qh7 46. Qd2 Rg6 47. c5 Bc8 48. Rxg6 Qxg6 49. Qd8 Qe6 50. Nf6 1-0

[Event "Baku op"]
[Site "Baku"]
[Date "2024.07.05"]
[Round "7"]
[White "Raahul, VS."]
[Black "Bayramov, Elvin Shamil Oglu"]
[Result "1/2-1/2"]
[WhiteElo "2314"]
[BlackElo "2155"]
[PlyCount "101"]
[EventDate "2024.06.29"]
[EventType "swiss"]
[EventRounds "9"]
[EventCountry "AZE"]
[SourceTitle "CBM 221 Extra"]
[Source "ChessBase"]
[SourceDate "2024.09.30"]
[SourceVersion "1"]
[SourceVersionDate "2024.09.30"]
[SourceQuality "1"]

1. c4 e5 2. Nc3 Nf6 3. g3 c6 4. Nf3 e4 5. Nd4 d5 6. cxd5 cxd5 7. d3 Bc5 8. Nb3 Bb4 9. dxe4 Nxe4 10. Qd4 Bxc3+ 11. bxc3 0-0 12. f3 Nc6 13. Qe3 Nd6 14. Bg2 Re8 15. Qd3 Qe7 16. 0-0 Qxe2 17. Qxd5 Nf5 18. Qc5 Ne5 19. Nd4 Nd3 20. Nxe2 Nxc5 21. Nd4 Nd3 22. Nb5 Nxc1 23. Raxc1 Re7 24. Rfe1 Rxe1+ 25. Rxe1 Bd7 26. Nc7 Rc8 27. Nd5 Re8 28. Rxe8+ Bxe8 29. f4 Bc6 30. g4 Bxd5 31. Bxd5 Nd6 32. Kf2 b6 33. Ke3 Nb5 34. Kd3 Kf8 35. c4 Nc7 36. Kd4 Ke7 37. c5 f6 38. Bc4 b5 39. Bb3 h6 40. f5 Kd7 41. a4 bxa4 42. Bxa4+ Ke7 43. Kc4 Kd8 44. Bc6 Ke7 45. Kd4 Kd8 46. Bb7 Kd7 47. Kc4 Ke7 48. Bc6 Kd8 49. Kd4 Kc8 50. Ba4 Kd8 51. Kc4 1/2-1/2